000 00593nam a2200145 i 4500
001 182189
003 ES-MaACL
005 20230906221542.0
008 130624s1884 sp |||| | spa d
245 0 0 _aMemoria científico-descriptiva de las aguas minero-medicinales de la Favorita de Carabaña (provincia de Madrid)
_b: autorizadas por Real Orden de 11 de diciembre de1883.
260 _aMadrid] :
_b[s.n.],
_c1884 (
_eMadrid :
_fTip. de Gutenberg)
300 _a116 p. :
_bil. ;
_c21 cm.
650 _aAguas minerales-
_zMadrid (Comunidad Autónoma)
_9159811
852 _aES-MaACL
_jT-470-F-12
999 _c182189
_d182189